Southville International School and Colleges
Your cart is empty.
  • Cart
  • Lists
    Public lists Eva Luna New books Lux_list list_1
    Your lists Log in to create your own lists
  • Log in to your account
  • Your cookies
  • Search history
Southville International School and Colleges
  • Advanced search
  • Recent comments
  • Most popular
  • Libraries

Log in to your account

Log in with GOOGLE


If you do not have an external account, but do have a local account, you can still log in:

  1. Home
  2. MARC view: Management communication:
Normal view MARC view ISBD view

Management communication: (Record no. 24843)

[ view plain ]
MARC details
000 -LEADER
fixed length control field 00650nam a2200217 a 4500
005 - DATE AND TIME OF LATEST TRANSACTION
control field 20140310183544.0
008 - FIXED-LENGTH DATA ELEMENTS--GENERAL INFORMATION
fixed length control field 110926s19uu xx 00 eng d
020 ## - INTERNATIONAL STANDARD BOOK NUMBER
International Standard Book Number 9780071259262
050 ## - LIBRARY OF CONGRESS CALL NUMBER
Classification number HD 30.3
Item number .H377 2008
100 ## - MAIN ENTRY--PERSONAL NAME
Personal name Hattersley, Michael E.
245 ## - TITLE STATEMENT
Title Management communication:
Remainder of title principles and practice /
Statement of responsibility, etc Michael E. Hattersley.
250 ## - EDITION STATEMENT
Edition statement 3rd ed.
260 ## - PUBLICATION, DISTRIBUTION, ETC. (IMPRINT)
Place of publication, distribution, etc New York :
Name of publisher, distributor, etc McGraw-Hill,
Date of publication, distribution, etc 2008.
300 ## - PHYSICAL DESCRIPTION
Extent 288 p. :
Dimensions 24 cm.
521 ## - TARGET AUDIENCE NOTE
Target audience note
650 ## - SUBJECT ADDED ENTRY--TOPICAL TERM
Topical term or geographic name as entry element Communication in management.
650 ## - SUBJECT ADDED ENTRY--TOPICAL TERM
Topical term or geographic name as entry element Communication in management -
General subdivision Case studies.
700 ## - ADDED ENTRY--PERSONAL NAME
Personal name McJannet, Linda
942 ## - ADDED ENTRY ELEMENTS (KOHA)
Koha item type Books
Source of classification or shelving scheme Library of Congress Classification
Call number prefix Foreign
Holdings
Withdrawn status Lost status Source of classification or shelving scheme Damaged status Home library Current library Shelving location Date acquired Source of acquisition Total Checkouts Full call number Barcode Date last seen Date checked out Copy number Price effective from Koha item type
    Library of Congress Classification   College Library College Library General Circulation Section 09/26/2011 Donation 1 HD 30.3 .H377 2008 C13546 04/22/2017 10/21/2016 1 03/10/2014 Books

Management communication:

APA

Hattersley M. E., McJannet L., . (2008). Management communication. New York: McGraw-Hill.

Chicago

Hattersley Michael E, McJannet Linda, . 2008. Management communication. New York: McGraw-Hill.

Harvard

Hattersley M. E., McJannet L., . (2008). Management communication. New York: McGraw-Hill.

MLA

Hattersley Michael E, McJannet Linda, . Management communication. New York: McGraw-Hill. 2008.

  • Place hold
  • Print
  • Cite
  • Add to your cart (remove)
  • Save record
    BIBTEX Dublin Core MARCXML MARC (non-Unicode/MARC-8) MARC (Unicode/UTF-8) MARC (Unicode/UTF-8, Standard) MODS (XML) RIS
  • More searches
    Search for this title in:
    Other Libraries (WorldCat) Other Databases (Google Scholar) Online Stores (Bookfinder.com) Open Library (openlibrary.org)

Exporting to Dublin Core...

SOUTHVILLE LIBRARY

Southville International School and Colleges Library

1281 Tropical Ave. Cor. Luxembourg St., BF Homes International, Las Pinas City

Tel. No. 8256374 / 252358 Loc. 117/146

Powered by Koha